| 000 | 00413cam a2200157ua 4500 | ||
|---|---|---|---|
| 041 |
_aeng _h |
||
| 082 |
_a745.61 _bTAR/LE |
||
| 100 | _aTarr, John C . | ||
| 245 |
_aLettering a source book of Roman alphabets / _cJohn c tarr. _hTextual Documents |
||
| 260 |
_aLondon : _bCrosby Lovekwood and son ltd , _c1951. |
||
| 300 | _a63 ; . | ||
| 500 | _a**Reference | ||
| 504 | _a | ||
| 942 | _cBK | ||
| 999 |
_c4761 _d4761 |
||